Historia de la Provincia de San Nicolás de Tolentino de Michoacán del orden de N.P.S. Agustín /
Crónica en que el agustino Diego Basalenque (1577-1651), secretario, prior de varios conventos y provincial, relata la creación en 1602 de la nueva Provincia de San Nicolás de Tolentino en que se asentaron las misiones de los religiosos agustinos, sus conventos y haciendas que atestiguó hasta 1637,...
محفوظ في:
| المؤلف الرئيسي: | |
|---|---|
| التنسيق: | كتاب |
| اللغة: | الإسبانية |
| سلاسل: | (México Heroico ;
18) |
| الموضوعات: | |
| الوسوم: |
لا توجد وسوم, كن أول من يضع وسما على هذه التسجيلة!
|
MARC
| LEADER | 00000nam^a2200000^a^4500 | ||
|---|---|---|---|
| 001 | 000029854 | ||
| 005 | 20250521000000.0 | ||
| 009 | 20260310084939.634 | ||
| 037 | |a Acervo ITESO - Biblioteca | ||
| 041 | |a ESP | ||
| 082 | |a 255. 4009723703 |b BAS | ||
| 100 | |a Basalenque, Diego |e (autor) | ||
| 240 | 1 | 1 | |a [Historia de la Provincia de San Nicolás de Tolentino de Michoacán] |
| 245 | 1 | 0 | |a Historia de la Provincia de San Nicolás de Tolentino de Michoacán del orden de N.P.S. Agustín / |c D. Basalenque; Introd. de: José Bravo Ugarte. |
| 264 | |a México : |b Jus, |c 1963 | ||
| 300 | |a 446 p. | ||
| 336 | |a texto |b txt |2 rdacontenido | ||
| 337 | |a sin mediación |b n |2 rdamedio | ||
| 338 | |a volumen |b nc |2 rdasoporte | ||
| 440 | 1 | |a (México Heroico ; |v 18) | |
| 520 | |a Crónica en que el agustino Diego Basalenque (1577-1651), secretario, prior de varios conventos y provincial, relata la creación en 1602 de la nueva Provincia de San Nicolás de Tolentino en que se asentaron las misiones de los religiosos agustinos, sus conventos y haciendas que atestiguó hasta 1637, cuyo centro estuvo en el territorio de Valladolid, hoy conocido como Morelia. | ||
| 649 | |a XX | ||
| 650 | |a Agustinos en Michoacán - |x Historia - |y Epoca Colonial, 1517-1821 - |x Tema Principal | ||
| 650 | |a Augustinos en México - |x Historia - |y Epoca Colonial, 1517-1821 | ||
| 650 | |a Monasticismo y Ordenes Religiosas - |z Michoacán - |x Historia - |y Epoca Colonial, 1517-1821 | ||
| 650 | |a Monasticismo y Ordenes Religiosas - |z México - |x Historia - |y Epoca Colonial, 1517-1821 | ||
| 650 | |a Iglesia Católica en Michoacán - |x Historia - |y Epoca Colonial, 1517-1821 - |x Tema Principal | ||
| 650 | |a Iglesia Católica en México - |x Historia - |y Epoca Colonial, 1517-1821 | ||
| 650 | |a Misiones - |z Michoacán - |x Historia - |y Epoca Colonial, 1517-1821 | ||
| 650 | |a Misiones - |z México - |x Historia - |y Epoca Colonial, 1517-1821 | ||
| 650 | |a Evangelización - |z Michoacán - |x Historia - |y Epoca Colonial, 1517-1821 - |x Tema Principal | ||
| 650 | |a Evangelización - |z México - |x Historia - |y Epoca Colonial, 1517-1821 | ||
| 650 | |a Religión - |z Michoacán - |x Historia - |y Epoca Colonial, 1517-1821 | ||
| 650 | |a Religión - |z México - |x Historia - |y Epoca Colonial, 1517-1821 | ||
| 650 | |a Michoacán - |x Historia - |y Siglo XVII | ||
| 650 | |a Michoacán - |x Historia - |y Epoca Colonial, 1517-1821 | ||
| 650 | |a México - |x Historia - |y Siglo XVII | ||
| 650 | |a México - |x Historia - |y Epoca Colonial, 1517-1821 | ||
| 910 | |a Fondo General | ||
| 920 | |a Impresos - Libros | ||
| 930 | |a Colección General | ||
| 905 | |a 101 | ||
| 901 | |a 0298540100 |b IT1 |c ACC |i 029854 |u 20250521 | ||
| 902 | |a https://opac.biblio.iteso.mx/vufind/Record/000029854 | ||